MDQL
is popping MORE tags! Check the
thread
!
Quizzes
Events
Quiz Creation
Community
Videos
Private Events
Remove Ads
Sign In
Join for FREE
Feedback
Dark Mode
Quiz Categories
Sports
Geography
Music
Movies
Television
Just For Fun
Miscellaneous
History
Literature
Language
Science
Gaming
Entertainment
Religion
Holiday
For Kids
Quiz Lab
Recent
Popular Today
Quiz Kudos Today
Editor Picks
Curator Picks
Quizzes by...
Day
Popularity
Type
Ratings
Length
Year
Community
Subscriptions
Recent Discussions
Orange Saloon
Badges
Playlists
Quests
Create
Leaderboards
Showdown
Live 5
Trivia Bingo
Activity
Puzzle Library
Sporcle Events
Private Events
Virtual Trivia
Globe League
Become a Host
Pub Owners
SporcleCon
Opinionation
Our Games
Videos
Blog
Mobile Apps
Partnerships
Remove Ads and Go Orange
Feedback
Literature
Harry Potter
A Song of Ice and Fire
The Hunger Games
Literary Character
Shakespeare
Book
Author
Novel
Poem
Young Adult
Children's Books
Play
Lord of the Rings
Literature
Harry Potter
A Song of Ice and Fire
The Hunger Games
Literary Character
Shakespeare
Book
Author
Novel
Poem
Young Adult
Children's Books
Play
Lord of the Rings
Random Quiz
Search Sporcle
×
Quiz Lab
Quiz Lab
Literature
Book
Type in answers that appear in a list
Type in answers that appear in a list
Classic
Best Score? Go Orange.
First Sentence II Stats
Can you name the books which start with these sentences?
By
oysteini
15m
6 Questions
50 Plays
50 Plays
50 Plays
Comments
Comments
Give Quiz Kudos
Give Quiz Kudos
-
- Ratings
hide this ad
Replay
Link that replays current quiz
Next Quiz
Link to next quiz in quiz playlist
You Got
0%
They Got
Avg Score
37%
Avg Friend Score
Upgrade to see
Score Distribution
Jump to the score distribution portion of the page
Score
0/6
Timer
15:00
0
Plays Today
First sentence
Book
% Correct
It was a pleasure to burn.
Fahrenheit 451
96%
Mr Jones, of the Manor Farm, had locked the hen-
houses for the night, but was too drunk to remember to shut the pop-
holes.
Animal Farm
74%
There was no possibility of taking a walk that day.
Jane Eyre
28%
Barry Fairbrother did not want to go out for dinner.
The Casual Vacancy
14%
It was 7 minutes after midnight.
The Curious Incident of the Dog in the Night-Time
8%
When Mary Miller was ten years old and not yet a witch, and Carsden was still a thriving mining village, she would watch her brother Tom playing football in the park with his fr...
The Flood
4%
Quiz Playlist
Details
Report
Send in Message
Add To Playlist
Classic:
Type in answers that appear in a list
Last Updated: Feb 16, 2017
Quiz Scoreboard
CHALLENGE
Sign Up to Join the Scoreboard
Show All
Scores
Hide
Comments
May contain spoilers
Recently Published
Two Season TV Shows II
by 123Four
Television
10m
Image Sorting: Flags VI
by Barbecue
Geography
2m
Find the 'City' Movie
by crazypaving
Movies
60s
More to Explore
Quiz From the Vault
Featured Blog Post
14 Easter Pick-up Lines to Find Eggs With
hide this ad
You Might Also Like...
Tags
Author Quiz
Book Quiz
sentence
start
Today's Top Quizzes in Literature
Browse Literature
hide this ad
Today's Top Quizzes in Book
Browse Book
Top Contributed Quizzes in Literature
1
Sneaky Slytherin Logic Puzzle
2
Criteria Quiz: Harry Potter Deaths
3
Harry Potter logic puzzle: The Hogwarts Soap Opera
4
Weasley Family Reunion: Logic Puzzle
5
Get The Picture: Black or White Literature
6
'Middle' Earth
7
Harry Potter Slytherin Logic Puzzle
8
Logic Puzzle: Avoid Dumbledore's Army
9
ASOIAF Siblings Logic Puzzle
10
The Men of ASOIAF - Logic Puzzle (Hard)
Explore More
Trending Topics
NBA
Disney
Crossword
Harry Potter
Marvel
Kpop
Anime
Pokémon
NFL
Country
Song
Puzzle
Soccer
The Office
WWE
hide this ad
More By:
oysteini
Quiz
Plays
Rating
Category
Featured
Created
First Sentence
52
2.50
Literature
Feb 2, 2014
First Sentence II
50
3.00
Literature
Feb 5, 2014
Donaldfigurer
46
Entertainment
Feb 26, 2014
Donaldfigurer II
24
Entertainment
Feb 26, 2014
Donaldfigurer III
17
Entertainment
Mar 3, 2014
Go to Creator's Profile
Score Distribution
Quiz Creator Spotlight
oysteini
Follow
Send a Message
Quizzes Created
-
Created Quiz Play Count
-
More By This Creator
Popular Quizzes Today
1
Find the US States - No Outlines Minefield
2
Colored Red Africa Blitz
3
Find the 'City' Movie
4
5x2 Blitz: Bands
5
The Countries of the World
6
Find the Countries of Europe - No Outlines Minefield
7
Find the US States
8
US States
More Literature Quizzes
Harry Potter: Mystery Character VII
Quiz Lab
Trending Quizzes
Colored Red Europe Blitz I
Colored Red Africa Blitz II
Colored Red Europe Blitz II
Colored Red Europe Blitz III
Colored Red Africa Blitz III
Recently Updated
How Do You Spell That?
pecheneg
Godzilla Movies
pecheneg
Grab Bag: 4-10 Letters
pecheneg
2024 March Madness Bracket
pecheneg
Famous TV Couples
Peacemaker
Champions League XIs: Real Madrid
pecheneg
Largest US Cities 1790-2010
pecheneg
Rides in Walt Disney World
pecheneg
Most Oscar Losses (Acting)
pecheneg
Beyoncé Albums
pecheneg
Trending Topics
Harry Potter
NBA
Marvel
Kpop
Disney
Crossword
Anime
Country
Soccer
WWE
Song
The Office
Pokémon
Puzzle
NFL
Your Account Isn't Verified!
In order to create a playlist on Sporcle, you need to verify the email address you used during registration. Go to your
Sporcle Settings
to finish the process.
Report this User
Report this user for behavior that violates our
Community Guidelines
.
Details:
Send Report
Go to the Sporcle.com Mobile Site →
Comments